01199nam a2200265 a 450000100060000000300080000600500170001400800410003102000150007203500190008704000320010604100110013808200320014924502500018126000390043130000280047050400410049865000670053965000680060671000380067471000640071294200120077699900170078895201280080564386BD-RjUL20211209081313.0170214s1988 nyu b i100 0 eng d a9211122473 a(BD-RjUL)64516 aDLCcDLCdDLCdBD-RjULbeng0 aengara00a338.926091724223bTEC 198800aTechnology policies for development and selected issues for action :bproceedings of a seminar organized by Islamic Development Bank and UNCTAD, Jeddah, Saudi Arabia (10 to 17 November 1986) /cUnited Nations Conference on Trade and Development. aNew York :bUnited Nations,c1988. axxvii, 267 p. ;c24 cm. aIncludes bibliographical references. 0aTechnology transferzDeveloping countriesxCongresses.9191077 0aTechnology and statezDeveloping countriesxCongresses.91910782 aIslamic Development Bank.91762772 aUnited Nations Conference on Trade and Development.9191079 2ddccBK c64386d64386 00102ddc40718NFICaRUCLbRUCLcReadingd1995-07-23l0o338.926091724 TEC 1988r2017-02-14 00:00:00tC-1w2017-02-14yBK